000 00758nam a22002297a 4500
003 OSt
005 20250519134103.0
008 250519b |||||||| |||| 00| 0 eng d
020 _a9798372924765 (paperback)
040 _aNUST
_beng
_cNUST
_dNUST
_erda
050 _aQC7 UNZ
100 _aUnsicker, Alexander
_eAuthor
245 _aMaking Physics Great Again :
_bAmerica has failed /
_cAlexander Unsicker.
260 _a[ ]
_bIndependently published,
_c2023.
300 _a308 pages :
_c22 cm.
336 _2rdacontent
_atext
_btxt
337 _2rdamedia
_aunmediated
_bn
338 _2rdacarrier
_avolume
_bnc
504 _aIncludes bibliographical references and index.
650 _vPhysics.
942 _2lcc
_cBOOKS
_hQC7 UNZ
_kQC
_mUNZ
_n0
999 _c171798
_d171798